000 00654nam a2200193Ia 4500
003 GCL
008 140319s9999 xx 000 0 ara d
040 _aGCL /
_cGCL
082 0 4 _a421.52
_bه ت
100 1 _aهايكرفت , جون
245 1 0 _aتقدم باللغة الانجليزية: دورة دراسية متوسطة لتعليم اللغة الانكليزية /
_cهايكرفت , جون
700 1 _aبارنت، ج
300 _a399 ص
490 _aالهيئة العامة للاستعلامات
_v0
650 0 4 _aاللغات
650 0 4 _aاللغة الانجليزية
650 0 4 _aتعليم اللغات
942 _2ddc
_cBK
999 _c51728
_d51728